| 000 | 00392nam a2200157 4500 | ||
|---|---|---|---|
| 020 | _a9789349946545 | ||
| 082 |
_aM080 009 _bJUL/V |
||
| 100 | _aJulie D M | ||
| 245 |
_aVimarsanam oru strainakalayanu/ _cby Julie D M |
||
| 260 |
_aKozhikkode: _bAtma books, _c2025. |
||
| 300 | _a320p. | ||
| 650 | _aNovel Malayalam | ||
| 650 | _aLiterature Malayalam | ||
| 650 | _aLiterature | ||
| 942 | _cBK | ||
| 999 |
_c181773 _d181773 |
||